00649nam a2200181 a 450000500170000000800410001702000150005805000220007324501620009526000500025730000210030752100080032865000230033665000250035965000210038465000240040565000380042920140310183209.0030422s19uu xx 00 eng d a0890432376 aRC 81b.N525 1989 aThe new medicine show :bConsumers Union's new practical guide to some everyday health problems and health products /cThe Editors of Consumer Reports Books. aMount Vernon, N.Y. :bConsumers Union,c1989. a314 p. :c20 cm. aNUR aMedicine, Popular. aQuacks and quackery. aHealth products. aConsumer education. aConsumers Union of United States.